{"text_format":"2","workbook":"xlsx","n_sheets":9,"sheets":["PFP","PFP1.1_Topo","PFP1.2_Geo","PFP2.1_FatorKa","PFP2.2_FatorKb","PFP3_FatorKc","CRO1_Ins-Pro","CRO2_Ins-Mes","CT_CV"],"not_rendered":{"charts":0,"images":0,"macros":0,"external_links":0,"defined_names":5,"comments":2,"pivot_tables":0},"unopened":[],"bounds":{"document_bytes":16777216,"sheet_cells":100000,"run_cost":"one","rows_first":2000,"rows_last":500,"rows_between":2000,"halvings":0,"cell_chars":16384,"cell_head_chars":4096},"cells_cut":0,"cells_raw":0,"read":"whole","date_system":"1900"}

{"sheet":"PFP","index":0,"n_rows":51,"n_cols":11,"rows_kept":51,"cut":false,"hidden":false,"merged":[[32,7,32,10],[32,0,32,6],[31,7,31,10],[31,0,31,6],[42,0,42,10],[37,0,37,8],[37,9,37,10],[34,0,34,6],[36,0,36,6],[33,0,33,6],[33,7,33,10],[39,0,39,10],[50,0,50,10],[43,0,43,10],[45,0,45,10],[38,0,38,10],[34,9,34,10],[35,9,35,10],[35,0,35,8],[44,0,44,10],[40,0,40,10],[46,0,46,10],[47,0,47,10],[48,0,48,10],[49,0,49,10],[41,0,41,10],[0,0,1,8],[4,5,4,8],[0,9,0,10],[1,9,1,10],[4,9,4,10],[2,0,2,10],[3,0,3,10],[4,0,4,4],[5,9,5,10],[5,5,5,8],[30,0,30,6],[30,7,30,10],[5,0,5,4],[29,0,29,6],[29,7,29,10]]}
["PROPOSTA FINANCEIRA DO PROJETO",{"$nulls":8},"CODIGO:"]
[{"$nulls":9},"PFP"]
["NOME DA CONSULTORA:"]
[]
["PROJETO:",{"$nulls":4},"CONTRATANTE:",null,null,null,"BASE: Ago/2020"]
["Estudos, Projetos Básico e Executivo - Orla Macapá - AP",{"$nulls":4},"Codevasf (Sede)",null,null,null,"SICRO: ago/20\nCODE: Ago/20"]
["Base","Cod1","Cod2","Categoria / Insumo","Uni","Qde","CUD","PU","FatorK","CT","PT"]
["SICRO","MO","P0","Engenheiro Sênior (Coordenador)","mês",{"$f":"'CRO1_Ins-Pro'!D4","v":0},18313.669999999998,{"$f":"ROUND(I8*G8,2)","v":31047.16},{"$f":"PFP2.2_FatorKb!$E$37","v":1.6953},{"$f":"ROUND(F8*G8,2)","v":0},{"$f":"ROUND(F8*H8,2)","v":0}]
["SICRO","MO","P1","Engenheiro Sênior","mês",{"$f":"'CRO1_Ins-Pro'!D5","v":0},14430.48,{"$f":"ROUND(I9*G9,2)","v":24463.99},{"$f":"PFP2.2_FatorKb!$E$37","v":1.6953},{"$f":"ROUND(F9*G9,2)","v":0},{"$f":"ROUND(F9*H9,2)","v":0}]
["SICRO","MO","P2","Engenheiro Pleno","mês",{"$f":"'CRO1_Ins-Pro'!D6","v":0},11289.32,26587.48,{"$f":"PFP2.1_FatorKa!$E$37","v":2.3551000000000002},0,0]
["SICRO","MO","P3","Engenheiro Júnior","mês",{"$f":"'CRO1_Ins-Pro'!D7","v":0},9287.81,21873.72,{"$f":"PFP2.1_FatorKa!$E$37","v":2.3551000000000002},0,0]
["SICRO","MO","S1","Analista Sênior","mês",{"$f":"'CRO1_Ins-Pro'!D8","v":0},5963.68,14045.06,{"$f":"PFP2.1_FatorKa!$E$37","v":2.3551000000000002},0,0]
["SICRO","MO","S2","Analista Pleno","mês",{"$f":"'CRO1_Ins-Pro'!D9","v":0},4782.6899999999996,11263.71,{"$f":"PFP2.1_FatorKa!$E$37","v":2.3551000000000002},0,0]
["SICRO","MO","S3","Analista Júnior","mês",{"$f":"'CRO1_Ins-Pro'!D10","v":0},3601.69,8482.34,{"$f":"PFP2.1_FatorKa!$E$37","v":2.3551000000000002},0,0]
["SICRO","MO","T1","Técnico Sênior","mês",{"$f":"'CRO1_Ins-Pro'!D11","v":0},4989.91,11751.74,{"$f":"PFP2.1_FatorKa!$E$37","v":2.3551000000000002},0,0]
["SICRO","MO","T2","Técnico Pleno","mês",{"$f":"'CRO1_Ins-Pro'!D12","v":0},3773.62,8887.25,{"$f":"PFP2.1_FatorKa!$E$37","v":2.3551000000000002},0,0]
["SICRO","MO","T3","Técnico Junior","mês",{"$f":"'CRO1_Ins-Pro'!D13","v":0},3028.85,7133.24,{"$f":"PFP2.1_FatorKa!$E$37","v":2.3551000000000002},0,0]
["SICRO","MO","A1","Administrativo (Secretariado)","mês",{"$f":"'CRO1_Ins-Pro'!D14","v":0},3147.75,7413.27,{"$f":"PFP2.1_FatorKa!$E$37","v":2.3551000000000002},0,0]
["SICRO","MO","A2","Auxiliar","mês",{"$f":"'CRO1_Ins-Pro'!D15","v":0},1083.5,{"$f":"ROUND(I19*G19,2)","v":2551.75},{"$f":"PFP2.1_FatorKa!$E$37","v":2.3551000000000002},{"$f":"ROUND(F19*G19,2)","v":0},{"$f":"ROUND(F19*H19,2)","v":0}]
["CODE","DP","V1","Diárias","dia",{"$f":"'CRO1_Ins-Pro'!D16","v":0},239,300.14,{"$f":"PFP3_FatorKc!$E$19","v":1.2558},0,0]
["SICRO","DP","V2","Aluguel Sedan 71 a 115 CV","dia",{"$f":"'CRO1_Ins-Pro'!D17","v":0},{"$f":"3348.94/30","v":111.63133333333333},140.19,{"$f":"PFP3_FatorKc!$E$19","v":1.2558},0,0]
["SICRO","DP","V3","Caminhonete 140 a 165 CV","dia",{"$f":"'CRO1_Ins-Pro'!D18","v":0},{"$f":"5006.66/30","v":166.88866666666667},209.58,{"$f":"PFP3_FatorKc!$E$19","v":1.2558},0,0]
["CODE","DP","V4","Passagens Aéreas (ida e volta)","un",{"$f":"'CRO1_Ins-Pro'!D19","v":0},{"$f":"AVERAGE(1032,480,885,896,1454)","v":949.4},1192.26,{"$f":"PFP3_FatorKc!$E$19","v":1.2558},0,0]
["PROP","EM","M1","Pen Drive 16 Gb","un",{"$f":"'CRO1_Ins-Pro'!D20","v":0},{"$f":"AVERAGE(29.99,45.9,45.27)","v":40.386666666666663},50.72,{"$f":"PFP3_FatorKc!$E$19","v":1.2558},0,{"$f":"ROUND(F24*H24,2)","v":0}]
["PROP","EM","M2","HD Externo 2 Tb","un",{"$f":"'CRO1_Ins-Pro'!D21","v":0},{"$f":"AVERAGE(494.16,549,586.09)","v":543.08333333333337},682,{"$f":"PFP3_FatorKc!$E$19","v":1.2558},0,{"$f":"ROUND(F25*H25,2)","v":0}]
["CODE","EM","M3","Relatório Parcial","un",{"$f":"'CRO1_Ins-Pro'!D22","v":0},33.35,41.88,{"$f":"PFP3_FatorKc!$E$19","v":1.2558},0,0]
["CODE","EM","M4","Relatório Final","un",{"$f":"'CRO1_Ins-Pro'!D23","v":0},1478.8,1857.08,{"$f":"PFP3_FatorKc!$E$19","v":1.2558},0,{"$f":"ROUND(F27*H27,2)","v":0}]
["CODE","SG","TP","Total Serviços Cartográficos","un",{"$f":"'CRO1_Ins-Pro'!D24","v":0},"-",{"$f":"PFP1.1_Topo!G22","v":318723.87},"-","-",{"$f":"ROUND(F28*H28,2)","v":0}]
["CODE","SG","GT","Total Serviços Geotécnicos","un",{"$f":"'CRO1_Ins-Pro'!D25","v":0},"-",{"$f":"PFP1.2_Geo!G44","v":125619.18},"-","-",0]
["TOTAL DOS CUSTOS DIRETOS",{"$nulls":6},{"$f":"SUM(J8:J29)","v":0}]
["TOTAL DOS ENCARGOS E DISPESAS DIVERSAS",{"$nulls":6},{"$f":"H32-H30","v":0}]
["TOTAL DA PROPOSTA A PREÇO GLOBAL",{"$nulls":6},{"$f":"SUM(K8:K27)","v":0}]
["TOTAL DA PROPOSTA A PREÇO UNITÁRIO",{"$nulls":6},{"$f":"SUM(K28:K29)","v":0}]
["TOTAL DA PROPOSTA",{"$nulls":6},{"$f":"H32+H33","v":0}]
["NOME DO INFORMANTE:",{"$nulls":8},"QUALIFICAÇÃO"]
[]
["ASSINATURA:",{"$nulls":8},"DATA:"]
[]
["OBSERVAÇÃO:"]
["Alocar os Insumos MO, com respectivo FatorK, dentro da categoria de vínculo contratual (com ou sem) de cada tipo de profissional"]
["Uni - unidade de medição do insumo;"]
["Qde - Quantidade do Insumo (não pode ocorrer alteração pela Licitante)"]
["CUD - Custo Unitário Direto do Insumo (sem encargos, taxas e impostos, valor não pode ser maior que o Orçado pela Codevasf)"]
["CT - Custo Total (sem encargos, taxas e impostos) - CT = Qde x CUD"]
["FatorK - Taxa de Ressarcimento de Despesas e Encargos (detalhar composição nas Planilhas \"PFP2.1\", \"PFP2.2\", \"PFP3\")"]
["PU - Preço Unitário do Insumo (incluído encargos, taxas e impostos) - PU = CUD x FatorK"]
["PT - Preço Total do Insumo (incluído encargos, taxas e impostos) - PT = Qde x PU"]
["P - Profissionais nível superior nas áreas de Engenharia, Química, Arquitetura, Agronomia e Veterinária, conforme disposições da Lei 4.950-A/66"]
["S - Profissionais de nível superior nas demais áreas de atuação, incluindo Arqueólogo, Biólogo, Geógrafo e Socioólogo"]
["T - Profissionais de nível médio técnico nas diversas áreas de atuação"]
["A - Profissionais de nível médio de apoio técnico-administrativo"]

{"sheet":"PFP1.1_Topo","index":1,"n_rows":31,"n_cols":7,"rows_kept":31,"cut":false,"hidden":false,"merged":[[29,0,29,6],[30,0,30,6],[22,0,22,4],[24,0,24,4],[23,0,23,4],[25,0,25,4],[26,0,26,6],[27,0,27,6],[28,0,28,6],[21,0,21,5],[4,0,4,3],[2,0,2,6],[3,0,3,6],[0,0,1,5],[5,0,5,3],[4,4,4,5],[5,4,5,5]]}
["SERVIÇOS TOPOGRÁFICOS/CARTOGRÁFICOS",{"$nulls":5},"CODIGO:"]
[{"$nulls":6},"PFP-1.1"]
["NOME DA EMPRESA:"]
[]
["PROJETO:",null,null,null,"CONTRATANTE:",null,{"$f":"PFP!J5","v":"BASE: Ago/2020"}]
[{"$f":"PFP!A6","v":"Estudos, Projetos Básico e Executivo - Orla Macapá - AP"},null,null,null,{"$f":"PFP!F6","v":"Codevasf (Sede)"},null,"CODE: Jan/20"]
["Cod.","Base","Insumos","Uni","Qde","Preço Unitário (PU)","Preço Total (PT)"]
["TP01","CODE","Pontos GPS de dupla frequencia (L1/L2)","un ",4,900.98,{"$f":"ROUND(F8*E8,2)","v":3603.92}]
["TP02","CODE","Pontos GPS de uma frequencia (L1)","un ",8,446.35,3570.8]
["TP03","CODE","Poligonal eletrônica classe IIP","km",15,1637.53,24562.95]
["TP04","CODE","Nivelamento Geométrico classe IIN","km",15,725.69,10885.35]
["TP05","CODE","Seções Transversais (Nivelamento IIN)","km",30,725.69,21770.7]
["TP06","CODE","Cadastro Físico","ha ",5.92,34.89,206.55]
["TP07","CODE","Cadastro Jurídico","ha ",5.92,34.89,206.55]
["TP08","CODE","Cadastro Socioeconomico","ha ",5.92,34.89,206.55]
["TP09","CODE","Levantamento Planialtimetrico com RPA (VANT)","ha ",10,1170.0999999999999,11701]
["TP10","CODE","Levantamentos Topobatimétricos","km",280,802.9,224812]
["TP11","CODE","Levantamentos Ecobatimétricos","ha ",50,47.49,2374.5]
["TP12","CODE","Marco de Concreto (12x18x60cm)","un ",300,24.67,7401]
["TP13","CODE","Barrotes de Madeira (10x10x50cm)","un ",300,19.920000000000002,5976]
["TP14","CODE","Piquetes de Madeira (2x2x20cm)","un ",600,2.41,1446]
["TOTAL SERVIÇOS TOPOGRÁFICOS",{"$nulls":5},{"$f":"SUM(G8:G21)","v":318723.87}]
["NOME DO INFORMANTE:",{"$nulls":4},"QUALIFICAÇÃO:"]
[]
["ASSINATURA:",{"$nulls":4},"DATA:"]
[]
["OBSERVAÇÃO:"]
["Uni - unidade de medição do insumo;"]
["Qde - Quantidade do Insumo (não pode ocorrer alteração pela Licitante)"]
["PU - Preço Unitário (composições padrão da Codevasf, já incluso o FatorK)"]
["PT - Preço Total (incluído encargos, taxas e impostos) - PT = Qde x PU"]

{"sheet":"PFP1.2_Geo","index":2,"n_rows":53,"n_cols":7,"rows_kept":53,"cut":false,"hidden":false,"merged":[[43,0,43,5],[51,0,51,6],[5,0,5,3],[5,4,5,5],[52,0,52,6],[44,0,44,4],[45,0,45,4],[46,0,46,4],[47,0,47,4],[48,0,48,6],[49,0,49,6],[50,0,50,6],[4,0,4,3],[4,4,4,5],[2,0,2,6],[3,0,3,6],[0,0,1,5]]}
["SERVIÇOS GEOLÓGICOS/GEOTÉCNICOS",{"$nulls":5},"CODIGO:"]
[{"$nulls":6},"PFP-1.2"]
["NOME DA EMPRESA:"]
[]
["PROJETO:",null,null,null,"CONTRATANTE:",null,{"$f":"PFP!J5","v":"BASE: Ago/2020"}]
[{"$f":"PFP!A6","v":"Estudos, Projetos Básico e Executivo - Orla Macapá - AP"},null,null,null,{"$f":"PFP!F6","v":"Codevasf (Sede)"},null,"CODE: Jan/20"]
["Cod.","Base","Insumos","Uni","Qde","Preço Unitário (PU)","Preço Total (PT)"]
[1,null,"SONDAGEM MISTA"]
["1.1","CODE","Sondagem Rotativa Subaquática"]
["1.1.1","CODE","Mobilização e desmobilização de equipamentos","equip",1,3476.27,{"$f":"ROUND(F10*E10,2)","v":3476.27}]
["1.1.2","CODE","Em grandes rochas e afins",null,null,null,0]
["1.1.3","CODE","ø N","m",80,642.91,51432.800000000003]
["1.1.4","CODE","ø B","m",80,270.33,21626.400000000001]
["1.1.5","CODE","ø N (sondagem em solo)","m",80,251.94,20155.2]
["1.2","CODE","Sondagem a Percussão Subaquática",null,null,null,0]
["1.2.1","CODE","Mobilização e desmobilização de equipamentos","equip",1,915.66,915.66]
["1.2.2","CODE","Sondagem a percussão com SPT","m",80,80.3,6424]
["1.2.3","CODE","Deslocamento/instalação de equipam.    ",null,null,null,0]
[null,null,"0 a 200 metros","un",8,484.25929895579378,3874.07]
["1.3","CODE","Sondagem a Percussão Terrestre","m",50,80.3,4015]
[2,"CODE","SONDAGEM A TRADO","m",80,66.069999999999993,5285.6]
[3,"CODE","POÇOS DE INSPEÇÃO (com retroescavadeira)","m",null,null,0]
[4,"CODE","ENSAIOS",null,null,null,0]
["4.1","CODE","Ensaios em Solos",null,null,null,0]
["4.1.1","CODE","Umidade Natural","un",10,76.89,768.9]
["4.1.2","CODE","Densidade Natural","un",10,76.89,768.9]
["4.1.3","CODE","Limite de Liquidez","un",10,105.99,1059.9000000000001]
["4.1.4","CODE","Limite de Plasticidade","un",10,105.99,1059.9000000000001]
["4.1.5","CODE","Granulometria por Peneiramento","un",10,117.06,1170.5999999999999]
["4.1.6","CODE","Ensaio de compactação Proctor Normal","un",10,150.84,1508.4]
["4.1.7","CODE","Massa Específica Real dos Grãos","un",5,95.380017480104883,476.9]
["4.1.8","CODE","Índice de Suporte Califórnia (ISC/CBR)","un",null,null,0]
["4.2","CODE","Ensaio de Agregados",null,null,null,0]
["4.2.1","CODE","Abrasão \"Los angeles\"","un",null,null,0]
["4.2.2","CODE","Adesividade","un",null,null,0]
["4.2.3","CODE","Granulometria Comparativa","un",5,230.67000000000002,1153.3499999999999]
["4.2.4","CODE","Crumb Test","un",5,89.466602316602319,447.33]
["4.2.5","CODE","Sanidade (Durabilidade)","un",null,null,0]
["4.2.6","CODE","Lâmina Petrográfica","un",null,null,0]
["4.2.7","CODE","Índice de Forma","un",null,null,0]
["4.2.8","CODE","Teor de Matéria Orgânica","un",null,null,0]
["4.2.9","CODE","Equivalente de Areia","un",null,null,0]
["4.2.10","CODE","Reatividade Potencial","un",null,null,0]
["TOTAL SERVIÇOS GEOTÉCNICOS",{"$nulls":5},{"$f":"SUM(G9:G43)","v":125619.18}]
["NOME DO INFORMANTE:",{"$nulls":4},"QUALIFICAÇÃO:"]
[]
["ASSINATURA:",{"$nulls":4},"DATA:"]
[]
["LEGENDA:"]
["Uni - unidade de medição do insumo;"]
["Qde - Quantidade do Insumo (não pode ocorrer alteração pela Licitante)"]
["PU - Preço Unitário (composições padrão da Codevasf, já incluso o FatorK)"]
["PT - Preço Total (incluído encargos, taxas e impostos) - PT = Qde x PU"]

{"sheet":"PFP2.1_FatorKa","index":3,"n_rows":46,"n_cols":6,"rows_kept":46,"cut":false,"hidden":false,"merged":[[45,0,45,5],[44,0,44,5],[43,0,43,5],[42,0,42,5],[25,1,25,3],[30,1,30,3],[31,1,31,3],[40,0,40,3],[29,1,29,3],[26,1,26,3],[27,1,27,3],[28,1,28,3],[38,4,38,5],[37,4,37,5],[34,1,34,3],[32,1,32,3],[8,1,8,3],[18,1,18,3],[19,1,19,3],[9,1,9,3],[14,1,14,3],[15,1,15,3],[16,1,16,3],[17,1,17,3],[10,1,10,3],[11,1,11,3],[12,1,12,3],[13,1,13,3],[0,0,1,4],[2,0,2,5],[5,0,5,1],[5,2,5,4],[6,0,7,3],[6,4,6,5],[4,2,4,4],[3,0,3,5],[33,1,33,3],[35,1,35,3],[36,1,36,3],[20,1,20,3],[21,1,21,3],[22,1,22,3],[23,1,23,3],[24,1,24,3]]}
["DETALHAMENTO DOS ENCARGOS SOCIAIS: Ka",{"$nulls":4},"CODIGO:"]
[{"$nulls":5},"PFP-2.1"]
["NOME DA CONSULTORA:"]
[]
["PROJETO:",null,"CONTRATANTE:",null,null,{"$f":"PFP!J5","v":"BASE: Ago/2020"}]
[{"$f":"PFP1.2_Geo!A6","v":"Estudos, Projetos Básico e Executivo - Orla Macapá - AP"},null,{"$f":"PFP1.2_Geo!E6","v":"Codevasf (Sede)"},null,null,{"$f":"PFP!J6","v":"SICRO: ago/20\nCODE: Ago/20"}]
["DISCRIMINAÇÃO",null,null,null,"VALORES"]
[{"$nulls":4},"%","R$"]
["A","ENCARGOS SOCIAIS BÁSICOS",null,null,{"$f":"ROUND(SUM(E10:E18),4)","v":0.378},{"$f":"ROUND(E9*PFP!H30,2)","v":0}]
["A1","Seconci",null,null,0.01,{"$f":"ROUND(E10*PFP!$H$30,2)","v":0}]
["A2","INSS",null,null,0.2,{"$f":"ROUND(E11*PFP!$H$30,2)","v":0}]
["A3","FGTS",null,null,0.08,{"$f":"ROUND(E12*PFP!$H$30,2)","v":0}]
["A4","Incra",null,null,2E-3,{"$f":"ROUND(E13*PFP!$H$30,2)","v":0}]
["A5","Salário Educação ",null,null,2.5000000000000001E-2,{"$f":"ROUND(E14*PFP!$H$30,2)","v":0}]
["A6","Sebrae",null,null,6.0000000000000001E-3,{"$f":"ROUND(E15*PFP!$H$30,2)","v":0}]
["A7","Seguro contra acidente",null,null,0.03,{"$f":"ROUND(E16*PFP!$H$30,2)","v":0}]
["A8","Senai",null,null,0.01,{"$f":"ROUND(E17*PFP!$H$30,2)","v":0}]
["A9","Sesi",null,null,1.4999999999999999E-2,{"$f":"ROUND(E18*PFP!$H$30,2)","v":0}]
["B"," ENCARGOS SOCIAIS QUE RECEBEM INCIDÊNCIA DE \"A\"",null,null,{"$f":"ROUND(SUM(E20:E26),4)","v":0.19439999999999999},{"$f":"ROUND(E19*PFP!$H$30,2)","v":0}]
["B1","13º Salário  ",null,null,8.3299999999999999E-2,{"$f":"ROUND(E20*PFP!$H$30,2)","v":0}]
["B2","Auxilio Enfermidade",null,null,6.8999999999999999E-3,{"$f":"ROUND(E21*PFP!$H$30,2)","v":0}]
["B3","Licença Paternidade",null,null,5.9999999999999995E-4,{"$f":"ROUND(E22*PFP!$H$30,2)","v":0}]
["B4","Faltas Justificadas",null,null,5.5999999999999999E-3,{"$f":"ROUND(E23*PFP!$H$30,2)","v":0}]
["B5","Auxílio Acidente de Trabalho",null,null,8.9999999999999998E-4,{"$f":"ROUND(E24*PFP!$H$30,2)","v":0}]
["B6","Férias Gozadas",null,null,9.6799999999999997E-2,{"$f":"ROUND(E25*PFP!$H$30,2)","v":0}]
["B7","Salário Maternidade",null,null,2.9999999999999997E-4,{"$f":"ROUND(E26*PFP!$H$30,2)","v":0}]
["C"," ENCARGOS SOCIAIS QUE NÃO RECEBEM INCIDÊNCIA DE \"A\"",null,null,{"$f":"ROUND(SUM(E28:E32),4)","v":7.6799999999999993E-2},{"$f":"ROUND(E27*PFP!H30,2)","v":0}]
["C1","Aviso Prévio Indenizado",null,null,0.03,{"$f":"ROUND(E28*PFP!$H$30,2)","v":0}]
["C2","Aviso Prévio Trabalhado",null,null,6.9999999999999999E-4,{"$f":"ROUND(E29*PFP!$H$30,2)","v":0}]
["C3","Férias Indenizadas",null,null,1.35E-2,{"$f":"ROUND(E30*PFP!$H$30,2)","v":0}]
["C4","Depósito Rescisão Sem Justa Causa",null,null,3.0099999999999998E-2,{"$f":"ROUND(E31*PFP!$H$30,2)","v":0}]
["C5","Indenização Adicional",null,null,2.5000000000000001E-3,{"$f":"ROUND(E32*PFP!$H$30,2)","v":0}]
["D"," REINCIDÊNCIAS",null,null,{"$f":"ROUND(SUM(E34:E35),4)","v":7.6200000000000004E-2},{"$f":"ROUND(E33*PFP!H30,2)","v":0}]
["D1","Reincidência de \"A\" sobre \"B\"",null,null,{"$f":"ROUND(E9*E19,4)","v":7.3499999999999996E-2},{"$f":"ROUND(E34*PFP!$H$30,2)","v":0}]
["D2","Reincidência de \"A\" sobre Aviso Prévio Trabalhado e reincidência do FGTS sobre Aviso Prévio Indenizado",null,null,{"$f":"ROUND((E29*E9)+(E28*E12),4)","v":2.7000000000000001E-3},{"$f":"ROUND(E35*PFP!$H$30,2)","v":0}]
["K1","ENCARGOS SOCIAIS",null,null,{"$f":"ROUND(E9+E19+E27+E33,4)","v":0.72540000000000004},{"$f":"ROUND(E36*PFP!H30,2)","v":0}]
["Ka","TAXA DE RESSARCIMENTO DE DESPESAS E ENCARGOS SOBRE MO CV",null,null,{"$f":"ROUND((1+E36+PFP3_FatorKc!E15)*(1+PFP3_FatorKc!E14)*(1+PFP3_FatorKc!E10),4)","v":2.3551000000000002}]
["NOME DO INFORMANTE:",null,null,null,"QUALIFICAÇÃO"]
[]
["ASSINATURA:",null,null,null,"DATA:"]
[]
["OBSERVAÇÃO:"]
["1 - DISCRIMINAR OS ENCARGOS SOCIAIS COM SEUS RESPECTIVOS PERCENTUAS TOTALIZANDO OS MESMOS. "]
["2 - APLICAR O  % TOTAL P/ CALCULAR OS E. SOCIAIS INCIDENTES NA MÃO-DE-OBRA COM VÍNCULO PERMANENTE"]
["Ka - Taxa de Ressarcimento de Despesas e Encargos sobre a Mão de Obra COM VINCULO (incide apenas no Insumo Codigo M.O.)"]
["Ka = (1 + K1 + K2) x (1 + K3) x (1 + K4)"]

{"sheet":"PFP2.2_FatorKb","index":4,"n_rows":46,"n_cols":6,"rows_kept":46,"cut":false,"hidden":false,"merged":[[45,0,45,5],[38,4,38,5],[40,0,40,3],[42,0,42,5],[43,0,43,5],[44,0,44,5],[33,1,33,3],[34,1,34,3],[35,1,35,3],[36,1,36,3],[37,4,37,5],[32,1,32,3],[21,1,21,3],[22,1,22,3],[23,1,23,3],[24,1,24,3],[25,1,25,3],[26,1,26,3],[27,1,27,3],[28,1,28,3],[29,1,29,3],[30,1,30,3],[31,1,31,3],[20,1,20,3],[0,0,1,4],[2,0,2,5],[3,0,3,5],[4,2,4,4],[5,0,5,1],[5,2,5,4],[6,0,7,3],[6,4,6,5],[8,1,8,3],[18,1,18,3],[19,1,19,3]]}
["DETALHAMENTO DOS ENCARGOS SOCIAIS: Kb",{"$nulls":4},"CODIGO:"]
[{"$nulls":5},"PFP-2.2"]
["NOME DA CONSULTORA:"]
[]
["PROJETO:",null,"CONTRATANTE:",null,null,{"$f":"PFP2.1_FatorKa!F5","v":"BASE: Ago/2020"}]
[{"$f":"PFP!A6","v":"Estudos, Projetos Básico e Executivo - Orla Macapá - AP"},null,{"$f":"PFP!F6","v":"Codevasf (Sede)"},null,null,{"$f":"PFP2.1_FatorKa!F6","v":"SICRO: ago/20\nCODE: Ago/20"}]
["DISCRIMINAÇÃO",null,null,null,"VALORES"]
[{"$nulls":4},"%","R$"]
["A","ENCARGOS SOCIAIS BÁSICOS",null,null,{"$f":"ROUND(SUM(E10:E18),4)","v":0.2},{"$f":"ROUND(E9*PFP!$H$30,2)","v":0}]
["A1","Seconci",null,null,0,{"$f":"ROUND(E10*PFP!$H$30,2)","v":0}]
["A2","INSS",null,null,0.2,{"$f":"ROUND(E11*PFP!$H$30,2)","v":0}]
["A3","FGTS",null,null,0,{"$f":"ROUND(E12*PFP!$H$30,2)","v":0}]
["A4","Incra",null,null,0,{"$f":"ROUND(E13*PFP!$H$30,2)","v":0}]
["A5","Salário Educação ",null,null,0,{"$f":"ROUND(E14*PFP!$H$30,2)","v":0}]
["A6","Sebrae",null,null,0,{"$f":"ROUND(E15*PFP!$H$30,2)","v":0}]
["A7","Seguro contra acidente",null,null,0,{"$f":"ROUND(E16*PFP!$H$30,2)","v":0}]
["A8","Senai",null,null,0,{"$f":"ROUND(E17*PFP!$H$30,2)","v":0}]
["A9","Sesi",null,null,0,{"$f":"ROUND(E18*PFP!$H$30,2)","v":0}]
["B"," ENCARGOS SOCIAIS QUE RECEBEM INCIDÊNCIA DE \"A\"",null,null,{"$f":"ROUND(SUM(E20:E26),4)","v":0},{"$f":"ROUND(E19*PFP!$H$30,2)","v":0}]
["B1","13º Salário  ",null,null,0,{"$f":"ROUND(E20*PFP!$H$30,2)","v":0}]
["B2","Auxilio Enfermidade",null,null,0,{"$f":"ROUND(E21*PFP!$H$30,2)","v":0}]
["B3","Licença Paternidade",null,null,0,{"$f":"ROUND(E22*PFP!$H$30,2)","v":0}]
["B4","Faltas Justificadas",null,null,0,{"$f":"ROUND(E23*PFP!$H$30,2)","v":0}]
["B5","Auxílio Acidente de Trabalho",null,null,0,{"$f":"ROUND(E24*PFP!$H$30,2)","v":0}]
["B6","Férias Gozadas",null,null,0,{"$f":"ROUND(E25*PFP!$H$30,2)","v":0}]
["B7","Salário Maternidade",null,null,0,{"$f":"ROUND(E26*PFP!$H$30,2)","v":0}]
["C"," ENCARGOS SOCIAIS QUE NÃO RECEBEM INCIDÊNCIA DE \"A\"",null,null,{"$f":"ROUND(SUM(E28:E32),4)","v":0},{"$f":"ROUND(E27*PFP!$H$30,2)","v":0}]
["C1","Aviso Prévio Indenizado",null,null,0,{"$f":"ROUND(E28*PFP!$H$30,2)","v":0}]
["C2","Aviso Prévio Trabalhado",null,null,0,{"$f":"ROUND(E29*PFP!$H$30,2)","v":0}]
["C3","Férias Indenizadas",null,null,0,{"$f":"ROUND(E30*PFP!$H$30,2)","v":0}]
["C4","Depósito Rescisão Sem Justa Causa",null,null,0,{"$f":"ROUND(E31*PFP!$H$30,2)","v":0}]
["C5","Indenização Adicional",null,null,0,{"$f":"ROUND(E32*PFP!$H$30,2)","v":0}]
["D"," REINCIDÊNCIAS",null,null,{"$f":"ROUND(SUM(E34:E35),4)","v":0},{"$f":"ROUND(E33*PFP!$H$30,2)","v":0}]
["D1","Reincidência de \"A\" sobre \"B\"",null,null,{"$f":"ROUND(E9*E19,4)","v":0},{"$f":"ROUND(E34*PFP!$H$30,2)","v":0}]
["D2","Reincidência de \"A\" sobre Aviso Prévio Trabalhado e reincidência do FGTS sobre Aviso Prévio Indenizado",null,null,{"$f":"ROUND(E9*E29,4)+ROUND(E28*E12,4)","v":0},{"$f":"ROUND(E35*PFP!$H$30,2)","v":0}]
["K1","ENCARGOS SOCIAIS",null,null,{"$f":"ROUND(E9+E19+E27+E33,4)","v":0.2},{"$f":"ROUND(E36*PFP!$H$30,2)","v":0}]
["Kb","TAXA DE RESSARCIMENTO DE DESPESAS E ENCARGOS SOBRE MO SV",null,null,{"$f":"ROUND((1+E36+PFP3_FatorKc!E15)*(1+PFP3_FatorKc!E14)*(1+PFP3_FatorKc!E10),4)","v":1.6953}]
["NOME DO INFORMANTE:",null,null,null,"QUALIFICAÇÃO"]
[]
["ASSINATURA:",null,null,null,"DATA:"]
[]
["OBSERVAÇÃO:"]
["1 - DISCRIMINAR OS ENCARGOS SOCIAIS COM SEUS RESPECTIVOS PERCENTUAS TOTALIZANDO OS MESMOS. "]
["2 - APLICAR O % TOTAL P/ CALCULAR OS E. SOCIAIS INCIDENTES NA MÃO-DE-OBRA SEM VÍNCULO PERMANENTE"]
["Kb - Taxa de Ressarcimento de Despesas e Encargos sobre a Mão de Obra SEM VINCULO (incide apenas no Insumo Codigo M.O.)"]
["Kb = (1 + K1 + K2) x (1 + K3) x (1 + K4)"]

{"sheet":"PFP3_FatorKc","index":5,"n_rows":37,"n_cols":6,"rows_kept":37,"cut":false,"hidden":false,"merged":[[6,3,6,5],[6,0,7,2],[34,0,34,5],[14,1,14,3],[13,1,13,3],[10,1,10,2],[11,1,11,2],[12,1,12,2],[8,0,9,0],[8,1,9,2],[27,0,27,5],[0,0,1,4],[2,0,2,5],[5,0,5,1],[5,2,5,4],[4,2,4,4],[3,0,3,5],[35,0,35,5],[36,0,36,5],[18,1,18,3],[15,1,15,3],[16,1,16,3],[17,1,17,3],[23,0,23,5],[28,0,28,5],[29,0,29,5],[24,0,24,5],[25,0,25,5],[26,0,26,5],[30,0,30,5],[31,0,31,5],[32,0,32,5],[33,0,33,5]]}
["DESPESAS FISCAIS E CUSTOS DIVERSOS: Kc",{"$nulls":4},"CODIGO:"]
[{"$nulls":5},"PFP-3"]
["NOME DA CONSULTORA:"]
[]
["PROJETO:",null,"CONTRATANTE:",null,null,"BASE: Abril/2020"]
[{"$f":"PFP!A6","v":"Estudos, Projetos Básico e Executivo - Orla Macapá - AP"},null,{"$f":"PFP!F6","v":"Codevasf (Sede)"}]
["DISCRIMINAÇÃO 1",null,null,"VALORES"]
[null,null,null,"% preço","% custo","R$"]
["K4","DESPESAS FISCAIS",null,"K' (%)2","K (%)3"]
[null,null,null,{"$f":"ROUND(D11+D12+D13,4)","v":0.124},{"$f":"ROUND(E11+E12+E13,4)","v":0.1416},{"$f":"E10*SUM((PFP!$J$10+PFP!$J$11+PFP!$J$12+PFP!$J$13+PFP!$J$14+PFP!$J$15+PFP!$J$16+PFP!$J$17+PFP!$J$18)*(1+PFP2.1_FatorKa!$E$36)+((PFP!$J$8+PFP!$J$9)*(1+PFP2.2_FatorKb!$E$36))+(PFP!$J$20+PFP!$J$21+PFP!$J$22+PFP!$J$23+PFP!$J$24+PFP!$J$25+PFP!$J$26+PFP!$J$27)+PFP3_FatorKc!$F$15)","v":0}]
[1,"ISS",null,0.05,{"$f":"ROUND((1/(1-$D$10))*D11,4)","v":5.7099999999999998E-2},{"$f":"E11*SUM((PFP!$J$10+PFP!$J$11+PFP!$J$12+PFP!$J$13+PFP!$J$14+PFP!$J$15+PFP!$J$16+PFP!$J$17+PFP!$J$18)*(1+PFP2.1_FatorKa!$E$36)+((PFP!$J$8+PFP!$J$9)*(1+PFP2.2_FatorKb!$E$36))+(PFP!$J$20+PFP!$J$21+PFP!$J$22+PFP!$J$23+PFP!$J$24+PFP!$J$25+PFP!$J$26+PFP!$J$27)+PFP3_FatorKc!$F$15)","v":0}]
[2,"PIS - aliquota efetiva com percentual-desconto de 20%",null,{"$f":"ROUND(1.65%*0.8,4)","v":1.32E-2},{"$f":"ROUND((1/(1-$D$10))*D12,4)","v":1.5100000000000001E-2},{"$f":"E12*SUM((PFP!$J$10+PFP!$J$11+PFP!$J$12+PFP!$J$13+PFP!$J$14+PFP!$J$15+PFP!$J$16+PFP!$J$17+PFP!$J$18)*(1+PFP2.1_FatorKa!$E$36)+((PFP!$J$8+PFP!$J$9)*(1+PFP2.2_FatorKb!$E$36))+(PFP!$J$20+PFP!$J$21+PFP!$J$22+PFP!$J$23+PFP!$J$24+PFP!$J$25+PFP!$J$26+PFP!$J$27)+PFP3_FatorKc!$F$15)","v":0}]
[3,"COFINS - aliquota efetiva com percentual-desconto de 20%",null,{"$f":"ROUND(7.6%*0.8,4)","v":6.08E-2},{"$f":"ROUND((1/(1-$D$10))*D13,4)","v":6.9400000000000003E-2},{"$f":"E13*SUM((PFP!$J$10+PFP!$J$11+PFP!$J$12+PFP!$J$13+PFP!$J$14+PFP!$J$15+PFP!$J$16+PFP!$J$17+PFP!$J$18)*(1+PFP2.1_FatorKa!$E$36)+((PFP!$J$8+PFP!$J$9)*(1+PFP2.2_FatorKb!$E$36))+(PFP!$J$20+PFP!$J$21+PFP!$J$22+PFP!$J$23+PFP!$J$24+PFP!$J$25+PFP!$J$26+PFP!$J$27)+PFP3_FatorKc!$F$15)","v":0}]
["K3","REMUNERAÇÃO DA EMPRESA (LUCRO)",null,null,0.1,{"$f":"E14*SUM((PFP!$J$10+PFP!$J$11+PFP!$J$12+PFP!$J$13+PFP!$J$14+PFP!$J$15+PFP!$J$16+PFP!$J$17+PFP!$J$18)*(1+PFP2.1_FatorKa!$E$36)+((PFP!$J$8+PFP!$J$9)*(1+PFP2.2_FatorKb!$E$36))+(PFP!$J$20+PFP!$J$21+PFP!$J$22+PFP!$J$23+PFP!$J$24+PFP!$J$25+PFP!$J$26+PFP!$J$27)+PFP3_FatorKc!$F$15)","v":0}]
["K2","CUSTOS DA ADMINISTRAÇÃO CENTRAL",null,null,{"$f":"ROUND(SUM(E16:E18),4)","v":0.15},{"$f":"ROUND(E15*(PFP!$H$30),2)","v":0}]
[4,"Custos da administração central da empresa (diretoria, pessoal técnico de apoio e pessoal administrativo não diretamente vinculado à prestação dos serviços)",null,null,0.1,{"$f":"ROUND(E16*(PFP!$H$30),2)","v":0}]
[5,"Outras despesas que afetam o custo de produção como treinamento, biblioteca, programa de qualidade, programa de benefícios, auditoria interna e externa",null,null,0.03,{"$f":"ROUND(E17*(PFP!$H$30),2)","v":0}]
[6,"Despesas fixas e variaveis com patrimônio, aluguéis, comunicação, manutenção e transporte não diretamente relacionados com o custo direto dos serviços",null,null,0.02,{"$f":"ROUND(E18*(PFP!$H$30),2)","v":0}]
["Kc","TAXA RESSARCIMENTO DE DESPESAS SOBRE CUSTOS DIVERSOS",null,null,{"$f":"ROUND((1+E14)*(1+E10),4)","v":1.2558}]
["NOME DO INFORMANTE:",null,null,null,"QUALIFICAÇÃO:"]
[]
["ASSINATURA:",null,null,null,"DATA:"]
[]
["Observação:"]
["1 - RELACIONAR OS CUSTOS DE ADMINISTRAÇÃO COM RESPECTIVOS PERCENTUAIS INCIDENTES NA MÃO -DE-OBRA"]
["1 - DISCRIMINAR OS TRIBUTOS QUE INCIDEM SOBRE OS CUSTOS DA PRESTAÇÃO DOS SERVIÇOS"]
["2 - K4 = INDICAR % DE CADA TRIBUTO E A SOMA DOS MESMOS (ex: ISS 5% + PIS 1,65% + COFINS 7,60% = 14,25%)"]
["3 - PIS e COFINS, Regime de Incidencia Acumulativa (0,65% e 3,00% - sem percentual de desconto) ou em Regime de Incidencia Não Acumulativa (1,65% e 7,60% - aplicável percentual de desconto) de acordo com a forma de apuração do lucro no IRPJ. APRESENTAR COMPROVANTES de aproveitamento de créditos tributários dos últimos 12 meses em caso de aplicação de \"percentual de desconto\"."]
["4 - AS DESPESAS FISCAIS (K4) INCIDEM SOBRE O TOTAL DA FATURA E NÃO SOBRE OS CUSTOS INCORRIDOS, "]
["     DEVENDO SER CALCULADO O K4' APLICANDO-SE A SEGUINTE FÓRMULA:"]
["     K4' = { [ 1 / ( 1 - K4) ] - 1 } x 100"]
[{"$f":"CONCATENATE(\"     K4' = { [ 1 / ( 1 - \",D10,\" ) ] - 1 } x 100\")","v":"     K4' = { [ 1 / ( 1 - 0,124 ) ] - 1 } x 100"}]
["Kc - Taxa de Ressarcimento de Despesas sobre Custos Diversos (incide sobre os Insumos Codigo DP e ME)"]
["Kc = (1 + K3) x (1 + K4)"]
["K2 - Incide sobre o Custo Total (CT) da Mão de Obra (MO)"]
["K3 - Incide sobre o Custo Total (CT) Mão de Obra com encargos (MO x Ka ou Kb), demais Custos (DP e EQ), e Custos da Administração Central (K2)"]
["K4 -  Incide sobre o Custo Total (CT) Mão de Obra com encargos (MO x Ka ou Kb), demais Custos (DP e EQ), e Custos da Administração Central (K2) e Lucro (K3)"]

{"sheet":"CRO1_Ins-Pro","index":6,"n_rows":32,"n_cols":11,"rows_kept":32,"cut":false,"hidden":false,"merged":[[47,7,47,8],[25,0,26,0],[25,1,26,1],[0,0,1,5],[28,0,28,8],[29,0,29,8],[30,0,30,8],[0,6,0,9],[1,6,1,9]]}
["INSUMOS POR ETAPA/PRODUTO",{"$nulls":5},"CODIGO:"]
[{"$nulls":6},"CRO-1"]
["Cod.","Categoria / Insumo","Uni","Qde","CUD","PU","FatorK","1. EVTEA","2. Est.Amb","3.PB/PE","Rel. Final"]
["P0","Engenheiro Sênior (Coordenador)","mês",{"$f":"SUM(H4:J4)","v":0},{"$f":"PFP!G8","v":18313.669999999998},{"$f":"ROUND(E4*G4,2)","v":31047.16},{"$f":"PFP!I8","v":1.6953},{"$f":"'CRO2_Ins-Mes'!E56","v":0},{"$f":"'CRO2_Ins-Mes'!E77","v":0},{"$f":"'CRO2_Ins-Mes'!E98","v":0}]
["P1","Engenheiro Sênior","mês",0,{"$f":"PFP!G9","v":14430.48},24463.99,{"$f":"PFP!I9","v":1.6953},{"$f":"'CRO2_Ins-Mes'!E57","v":0},{"$f":"'CRO2_Ins-Mes'!E78","v":0},{"$f":"'CRO2_Ins-Mes'!E99","v":0}]
["P2","Engenheiro Pleno","mês",0,{"$f":"PFP!G10","v":11289.32},26587.48,{"$f":"PFP!I10","v":2.3551000000000002},{"$f":"'CRO2_Ins-Mes'!E58","v":0},{"$f":"'CRO2_Ins-Mes'!E79","v":0},{"$f":"'CRO2_Ins-Mes'!E100","v":0}]
["P3","Engenheiro Júnior","mês",0,{"$f":"PFP!G11","v":9287.81},21873.72,{"$f":"PFP!I11","v":2.3551000000000002},{"$f":"'CRO2_Ins-Mes'!E59","v":0},{"$f":"'CRO2_Ins-Mes'!E80","v":0},{"$f":"'CRO2_Ins-Mes'!E101","v":0}]
["S1","Analista Sênior","mês",0,{"$f":"PFP!G12","v":5963.68},14045.06,{"$f":"PFP!I12","v":2.3551000000000002},{"$f":"'CRO2_Ins-Mes'!E60","v":0},{"$f":"'CRO2_Ins-Mes'!E81","v":0},{"$f":"'CRO2_Ins-Mes'!E102","v":0}]
["S2","Analista Pleno","mês",0,{"$f":"PFP!G13","v":4782.6899999999996},11263.71,{"$f":"PFP!I13","v":2.3551000000000002},{"$f":"'CRO2_Ins-Mes'!E61","v":0},{"$f":"'CRO2_Ins-Mes'!E82","v":0},{"$f":"'CRO2_Ins-Mes'!E103","v":0}]
["S3","Analista Júnior","mês",0,{"$f":"PFP!G14","v":3601.69},8482.34,{"$f":"PFP!I14","v":2.3551000000000002},{"$f":"'CRO2_Ins-Mes'!E62","v":0},{"$f":"'CRO2_Ins-Mes'!E83","v":0},{"$f":"'CRO2_Ins-Mes'!E104","v":0}]
["T1","Técnico Sênior","mês",0,{"$f":"PFP!G15","v":4989.91},11751.74,{"$f":"PFP!I15","v":2.3551000000000002},{"$f":"'CRO2_Ins-Mes'!E63","v":0},{"$f":"'CRO2_Ins-Mes'!E84","v":0},{"$f":"'CRO2_Ins-Mes'!E105","v":0}]
["T2","Técnico Pleno","mês",0,{"$f":"PFP!G16","v":3773.62},8887.25,{"$f":"PFP!I16","v":2.3551000000000002},{"$f":"'CRO2_Ins-Mes'!E64","v":0},{"$f":"'CRO2_Ins-Mes'!E85","v":0},{"$f":"'CRO2_Ins-Mes'!E106","v":0}]
["T3","Técnico Junior","mês",0,{"$f":"PFP!G17","v":3028.85},7133.24,{"$f":"PFP!I17","v":2.3551000000000002},{"$f":"'CRO2_Ins-Mes'!E65","v":0},{"$f":"'CRO2_Ins-Mes'!E86","v":0},{"$f":"'CRO2_Ins-Mes'!E107","v":0}]
["A1","Administrativo (Secretariado)","dia",0,{"$f":"PFP!G18","v":3147.75},7413.27,{"$f":"PFP!I18","v":2.3551000000000002},{"$f":"'CRO2_Ins-Mes'!E66","v":0},{"$f":"'CRO2_Ins-Mes'!E87","v":0},{"$f":"'CRO2_Ins-Mes'!E108","v":0}]
["A2","Auxiliar","dia",0,{"$f":"PFP!G19","v":1083.5},{"$f":"ROUND(E15*G15,2)","v":2551.75},{"$f":"PFP!I19","v":2.3551000000000002},{"$f":"'CRO2_Ins-Mes'!E67","v":0},{"$f":"'CRO2_Ins-Mes'!E88","v":0},{"$f":"'CRO2_Ins-Mes'!E109","v":0}]
["V1","Diárias","dia",0,{"$f":"PFP!G20","v":239},300.14,{"$f":"PFP!I20","v":1.2558},{"$f":"'CRO2_Ins-Mes'!E68","v":0},{"$f":"'CRO2_Ins-Mes'!E89","v":0},{"$f":"'CRO2_Ins-Mes'!E110","v":0}]
["V2","Aluguel Sedan 71 a 115 CV","un",0,{"$f":"PFP!G21","v":111.63133333333333},140.19,{"$f":"PFP!I21","v":1.2558},{"$f":"'CRO2_Ins-Mes'!E69","v":0},{"$f":"'CRO2_Ins-Mes'!E90","v":0},{"$f":"'CRO2_Ins-Mes'!E111","v":0}]
["V3","Caminhonete 140 a 165 CV","un",0,{"$f":"PFP!G22","v":166.88866666666667},209.58,{"$f":"PFP!I22","v":1.2558},{"$f":"'CRO2_Ins-Mes'!E70","v":0},{"$f":"'CRO2_Ins-Mes'!E91","v":0},{"$f":"'CRO2_Ins-Mes'!E112","v":0}]
["V4","Passagens Aéreas (ida e volta)","un",0,{"$f":"PFP!G23","v":949.4},1192.26,{"$f":"PFP!I23","v":1.2558},{"$f":"'CRO2_Ins-Mes'!E71","v":0},{"$f":"'CRO2_Ins-Mes'!E92","v":0},{"$f":"'CRO2_Ins-Mes'!E113","v":0}]
["M1","Pen Drive 16 Gb","un",0,{"$f":"PFP!G24","v":40.386666666666663},50.72,{"$f":"PFP!I24","v":1.2558},{"$f":"'CRO2_Ins-Mes'!E72","v":0},{"$f":"'CRO2_Ins-Mes'!E93","v":0},{"$f":"'CRO2_Ins-Mes'!E114","v":0}]
["M2","HD Externo 2 Tb","un",0,{"$f":"PFP!G25","v":543.08333333333337},682,{"$f":"PFP!I25","v":1.2558},{"$f":"'CRO2_Ins-Mes'!E73","v":0},{"$f":"'CRO2_Ins-Mes'!E94","v":0},{"$f":"'CRO2_Ins-Mes'!E115","v":0}]
["M3","Relatório Parcial","un",0,{"$f":"PFP!G26","v":33.35},41.88,{"$f":"PFP!I26","v":1.2558},{"$f":"'CRO2_Ins-Mes'!E74","v":0},{"$f":"'CRO2_Ins-Mes'!E95","v":0},{"$f":"'CRO2_Ins-Mes'!E116","v":0}]
["M4","Relatório Final","un",0,{"$f":"PFP!G27","v":1478.8},1857.08,{"$f":"PFP!I27","v":1.2558},{"$f":"'CRO2_Ins-Mes'!E75","v":0},{"$f":"'CRO2_Ins-Mes'!E96","v":0},{"$f":"'CRO2_Ins-Mes'!E117","v":0}]
["TP","Total Serviços Cartográficos","un",0,{"$f":"PFP!G28","v":"-"},{"$f":"PFP!H28","v":318723.87},{"$f":"PFP!I28","v":"-"},0,{"$f":"'CRO2_Ins-Mes'!E97","v":0},{"$f":"'CRO2_Ins-Mes'!E118","v":0}]
["GT","Total Serviços Geotécnicos","um",0,{"$f":"PFP!G29","v":"-"},{"$f":"PFP!H29","v":125619.18},{"$f":"PFP!I29","v":"-"},0,0,{"$f":"'CRO2_Ins-Mes'!E119","v":0}]
["TOTAL","VALOR POR PRODUTO","R$",{"$f":"SUM(H26:K26)","v":0},null,null,null,{"$f":"SUM(H4:H25*$F$4:$F$25)*0.9","v":0},{"$f":"SUM(I4:I25*$F$4:$F$25)*0.9","v":0},{"$f":"SUM(J4:J25*$F$4:$F$25)*0.9","v":0},{"$f":"((H26/0.9)+(I26/0.9)+(J26/0.9))*0.1","v":0}]
[null,null,"%",{"$f":"SUM(H27:K27)","v":{"$error":"#DIV/0!"}},null,null,null,{"$f":"ROUND(H26/$D$26,5)","v":{"$error":"#DIV/0!"}},{"$f":"ROUND(I26/$D$26,5)","v":{"$error":"#DIV/0!"}},{"$f":"ROUND(J26/$D$26,5)","v":{"$error":"#DIV/0!"}},{"$f":"ROUND(K26/$D$26,5)","v":{"$error":"#DIV/0!"}}]
["OBSERVAÇÃO:"]
["P - Profissionais nível superior nas áreas de Engenharia, Química, Arquitetura, Agronomia e Veterinária, conforme disposições da Lei 4.950-A/66"]
["S - Profissionais de nível superior nas demais áreas de atuação, incluindo Arqueólogo, Biólogo, Geógrafo e Socioólogo"]
["T - Profissionais de nível médio técnico nas diversas áreas de atuação"]
["A - Profissionais de nível médio de apoio técnico-administrativo"]

{"sheet":"CRO2_Ins-Mes","index":7,"n_rows":121,"n_cols":40,"rows_kept":121,"cut":false,"hidden":false,"merged":[[0,0,1,39],[144,5,144,39]]}
["CRONOGRAMA SIMPLIFICADO"]
[]
["Cod1","Cod2","Produtos","Uni","Qde",1,2,3,4,5,6,7,8,9,10,11,12,13,14,15,16,17,18,19,20,21,22,23,24,25,26,27,28,29,30,31,32,33,34,35]
["1","1.0","Relatório de Programação/Relatório Fotográfico-Lev.Projetos/Relatório de Dados Levantados","mês",{"$f":"SUM(F4:AN4)","v":0}]
["1","1.1","Estudos Ambientais","mês",0]
["1","1.2","Relatório de Estudo","mês",0]
["1","1.3","Memória Justificativa","mês",0]
["1","1.4","Relatório de Custos","mês",0]
["1","1.5","Relatório Final","mês",0]
["1","1","Estudo de Viabilidade Técnica, Econômica e Ambiental","mês",0,{"$f":"SUBTOTAL(4,F4:F9)","v":0},0,0,{"$f":"SUBTOTAL(4,I4:I9)","v":0},0,0,0,0,0,0,0,0,0,0,0,0,0,0,0,0,0,0,0,0,0,0,0,0,0,0,0,0,0,0,0]
["2","2.1","Estudo Autorização de Supressão Vegetal, Unidades de Conservação e Áreas Prioritárias","mês",{"$f":"SUM(F11:AN11)","v":0}]
["2","2.2","Caracterização Empreendimento e Legislação Ambiental","mês",{"$f":"SUM(F12:AN12)","v":0}]
["2","2.3","Definição das Áreas de Influência","mês",0]
["2","2.4","Diagnóstico Ambiental dos Meios Físico, Biótico e Socioeconômico","mês",0]
["2","2.5","Avaliação dos Impactos Ambientais","mês",0]
["2","2.6","Relatório dos Impactos no Meio Ambiente","mês",0]
["2","2.7","Programa Ambiental, Medidas Mitigadoras e Compensatória","mês",0]
["2","2.8","Audiência e Consultoria","mês",0]
["2","2.9","Relatório Final","mês",0]
["2","2","Estudos Ambientais","mês",{"$f":"SUM(F20:AN20)","v":0},{"$f":"SUBTOTAL(4,F11:F19)","v":0},{"$f":"SUBTOTAL(4,G11:G19)","v":0},0,0,0,0,0,0,0,0,0,0,0,0,0,0,0,0,0,0,0,0,0,0,0,0,0,0,0,0,0,0,0,0,0]
["3","3.1","Estudo e Relatório Iniciais","mês",{"$f":"SUM(F21:AN21)","v":0}]
["3","3.2","Projeto de Desapropriação","mês",0]
["3","3.3","Programa de Espaço (estacionamentos, áreas verdes, circulação de pedestres, ciclovias, etc.)","mês",0]
["3","3.4","Projeto de Paisagismo","mês",0]
["3","3.5","Equipamentos Urbanos (bancos, lixeiras, cercas, bebedouros, etc.)","mês",0]
["3","3.6","Projeto de Obras Especiais (quadras, fontes, passarelas, etc.)","mês",0]
["3","3.7","Projeto de Edificações","mês",0]
["3","3.8","Estudos Hidrológicos ","mês",0]
["3","3.9","Estudos de Marés","mês",0]
["3","3.10","Estudos Topográficos","mês",0]
["3","3.11","Estudos Geológicos/Geotécnicos","mês",0]
["3","3.12","Projeto de Terraplenagem","mês",0]
["3","3.13","Projeto de Recomposição e Estabilização de Taludes","mês",0]
["3","3.14","Dimensionamento das Estruturas de Contenção","mês",0]
["3","3.15","Projeto Geométrico e de Pavimentação","mês",0]
["3","3.16","Projeto de Ciclovias","mês",0]
["3","3.17","Projeto Elétrico de Edificações e de Iluminação Pública","mês",0]
["3","3.18","Projeto Hidráulico","mês",0]
["3","3.19","Projeto de Drenagem ","mês",0]
["3","3.20","Orçamento, Quantitativo e Especificações Técnicas","mês",0]
["3","3.21","Elaboração de Termo de Referência para contratação de Execução de Obra","mês",0]
["3","3.22","Divulgação, Apresentação, Detalhamentos e Cortes (Sketchup, DWG, etc.)","mês",0]
["3","3","Estudos de Campo, Projeto Básico e Projeto Executivo","mês",0,{"$f":"SUBTOTAL(4,F21:F42)","v":0},0,0,0,0,0,0,0,0,0,0,0,0,0,0,0,0,0,0,0,0,0,0,0,0,0,0,0,0,0,0,0,0,0,0]
["4","4.1","Projeto de Obras Especiais (quadras, fontes, passarelas, etc.)","mês",0]
["4","4.2","Projeto Estrutural de Edificações","mês",0]
["4","4.3","Dimensionamento das Estruturas de Contenção","mês",0]
["4","4.4","Projeto Geométrico e de Pavimentação","mês",0]
["4","4.5","Projeto Elétrico de Edificações e de Iluminação Pública","mês",0]
["4","4.6","Projeto Hidráulico","mês",0]
["4","4.7","Projeto de Drenagem ","mês",0]
["4","4.8","Orçamento, Quantitativo e Especificações Técnicas","mês",0]
["4","4.9","Divulgação, Apresentação, Detalhamentos e Cortes (Sketchup, DWG, etc.)","mês",0]
["4","4","Estudos de Campo e Projeto Básico","mês",0,{"$f":"SUBTOTAL(4,F31:F52)","v":0},{"$f":"SUBTOTAL(4,G31:G52)","v":0},0,0,0,0,0,0,0,0,0,0,0,0,0,0,0,0,0,0,0,0,0,0,0,0,0,0,0,0,0,0,0,0,0]
["Total","Total","Balanço Temporal","mês",0,{"$f":"SUBTOTAL(4,F4:F43)","v":0},0,0,0,0,0,0,0,0,0,0,0,0,0,0,0,0,0,0,0,0,0,0,0,0,0,0,0,0,0,0,0,0,0,0]
["Cod1","Cod2","Insumos","Uni","Qde",1,2,3,4,5,6,7,8,9,10,11,12,13,14,15,16,17,18,19,20,21,22,23,24,25,26,27,28,29,30,31,32,33,34,35]
[1,"P0","Engenheiro Sênior (Coordenador)","mês",{"$f":"SUM(F56:AN56)","v":0}]
[1,"P1","Engenheiro Sênior","mês",0]
[1,"P2","Engenheiro Pleno","mês",0]
[1,"P3","Engenheiro Júnior","mês",0]
[1,"S1","Analista Sênior","mês",0]
[1,"S2","Analista Pleno","mês",0]
[1,"S3","Analista Júnior","mês",0]
[1,"T1","Técnico Sênior","mês",0]
[1,"T2","Técnico Pleno","mês",0]
[1,"T3","Técnico Junior","mês",0]
[1,"A1","Administrativo (Secretariado)","mês",0]
[1,"A2","Auxiliar","mês",0]
[1,"V1","Diárias","dia",0]
[1,"V2","Aluguel Sedan 71 a 115 CV","dia",0]
[1,"V3","Caminhonete 140 a 165 CV","dia",0]
[1,"V4","Passagens Aéreas (ida e volta)","un",0]
[1,"M1","Pen Drive 16 Gb","un",0]
[1,"M2","HD Externo 2 Tb","un",0]
[1,"M3","Relatório Parcial","un",0]
[1,"M4","Relatório Final","un",0]
["1",null,"EVTEA",null,null,{"$f":"SUBTOTAL(5,F56:F75)","v":0},0,0,0,0,0,0,0,0,0,0,0,0,0,0,0,0,0,0,0,0,0,0,0,0,0,0,0,0,0,0,0,0,0,0]
[2,"P0","Engenheiro Sênior (Coordenador)","mês",{"$f":"SUM(F77:AN77)","v":0}]
[2,"P1","Engenheiro Sênior","mês",0]
[2,"P2","Engenheiro Pleno","mês",0]
[2,"P3","Engenheiro Júnior","mês",0]
[2,"S1","Analista Sênior","mês",0]
[2,"S2","Analista Pleno","mês",0]
[2,"S3","Analista Júnior","mês",0]
[2,"T1","Técnico Sênior","mês",0]
[2,"T2","Técnico Pleno","mês",0]
[2,"T3","Técnico Junior","mês",0]
[2,"A1","Administrativo (Secretariado)","mês",0]
[2,"A2","Auxiliar","mês",0]
[2,"V1","Diárias","dia",0]
[2,"V2","Aluguel Sedan 71 a 115 CV","dia",0]
[2,"V3","Caminhonete 140 a 165 CV","dia",0]
[2,"V4","Passagens Aéreas (ida e volta)","un",0]
[2,"M1","Pen Drive 16 Gb","un",0]
[2,"M2","HD Externo 2 Tb","un",0]
[2,"M3","Relatório Parcial","un",0]
[2,"M4","Relatório Final","un",0]
[2,null,"Estudos Ambientais",null,null,{"$f":"SUBTOTAL(5,F77:F96)","v":0},0,0,0,0,0,0,0,0,0,0,0,0,0,0,0,0,0,0,0,0,0,0,0,0,0,0,0,0,0,0,0,0,0,0]
[3,"P0","Engenheiro Sênior (Coordenador)","mês",{"$f":"SUM(F98:AN98)","v":0}]
[3,"P1","Engenheiro Sênior","mês",0]
[3,"P2","Engenheiro Pleno","mês",0]
[3,"P3","Engenheiro Júnior","mês",0]
[3,"S1","Analista Sênior","mês",0]
[3,"S2","Analista Pleno","mês",0]
[3,"S3","Analista Júnior","mês",0]
[3,"T1","Técnico Sênior","mês",0]
[3,"T2","Técnico Pleno","mês",0]
[3,"T3","Técnico Junior","mês",0]
[3,"A1","Administrativo (Secretariado)","mês",0]
[3,"A2","Auxiliar","mês",0]
[3,"V1","Diárias","dia",0]
[3,"V2","Aluguel Sedan 71 a 115 CV","dia",0]
[3,"V3","Caminhonete 140 a 165 CV","dia",0]
[3,"V4","Passagens Aéreas (ida e volta)","un",0]
[3,"M1","Pen Drive 16 Gb","un",0]
[3,"M2","HD Externo 2 Tb","un",0]
[3,"M3","Relatório Parcial","un",0]
[3,"M4","Relatório Final","un",0]
[3,"TP","Total Serviços Cartográficos","un",0]
[3,"GT","Total Serviços Geotécnicos","un",0]
[3,null,"Estudos de Campo, Projeto Básico e Projeto Executivo",null,null,{"$f":"SUBTOTAL(5,F98:F119)","v":0},0,0,0,0,0,0,0,0,{"$f":"SUBTOTAL(5,O98:O119)","v":0},{"$f":"SUBTOTAL(5,P98:P119)","v":0},{"$f":"SUBTOTAL(5,Q98:Q119)","v":0},{"$f":"SUBTOTAL(5,R98:R119)","v":0},{"$f":"SUBTOTAL(5,S98:S119)","v":0},{"$f":"SUBTOTAL(5,T98:T119)","v":0},{"$f":"SUBTOTAL(5,U98:U119)","v":0},{"$f":"SUBTOTAL(5,V98:V119)","v":0},{"$f":"SUBTOTAL(5,W98:W119)","v":0},{"$f":"SUBTOTAL(5,X98:X119)","v":0},{"$f":"SUBTOTAL(5,Y98:Y119)","v":0},{"$f":"SUBTOTAL(5,Z98:Z119)","v":0},{"$f":"SUBTOTAL(5,AA98:AA119)","v":0},{"$f":"SUBTOTAL(5,AB98:AB119)","v":0},{"$f":"SUBTOTAL(5,AC98:AC119)","v":0},{"$f":"SUBTOTAL(5,AD98:AD119)","v":0},0,0,0,0,0,0,0,0,0,0]
["Total",null,"Balanço de Insumos",null,null,{"$f":"SUBTOTAL(2,F56:F120)","v":0},0,0,0,0,0,0,0,0,0,0,0,0,0,0,0,0,0,0,0,0,0,0,0,0,0,0,0,0,0,0,0,0,0,0]

{"sheet":"CT_CV","index":8,"n_rows":50,"n_cols":8,"rows_kept":50,"cut":false,"hidden":false,"merged":[[0,0,1,5],[0,6,0,7],[1,6,1,7],[5,3,5,5],[5,6,5,7],[2,0,2,7],[3,0,3,7],[10,0,10,7],[6,0,6,1],[6,2,6,7],[7,0,7,7],[9,0,9,1],[8,2,8,3],[8,4,8,5],[8,6,8,7],[11,0,11,1],[11,2,11,3],[12,0,12,1],[12,2,12,3],[11,4,11,5],[12,4,12,5],[13,0,13,1],[13,2,13,3],[14,0,14,1],[14,2,14,3],[13,4,13,5],[14,4,14,5],[17,1,17,7],[18,1,18,7],[19,1,19,7],[15,0,15,1],[15,2,15,3],[16,0,16,1],[16,2,16,3],[15,4,15,5],[16,4,16,5],[47,0,47,7],[48,0,48,7],[49,0,49,7],[4,0,4,2],[4,3,4,5],[4,6,4,7],[5,0,5,2],[43,0,43,7],[44,0,44,7],[45,0,45,7],[46,0,46,7],[33,1,33,7],[36,1,36,7],[26,1,26,7],[28,1,28,7],[29,1,29,7],[40,6,40,7],[42,6,42,7],[39,0,39,5],[40,0,40,5],[37,4,37,7],[38,0,38,3],[38,4,38,7],[27,1,27,7],[35,1,35,7],[34,1,34,7],[39,6,39,7],[9,2,9,3],[9,4,9,5],[9,6,9,7],[30,1,30,7],[31,1,31,7],[32,1,32,7],[20,1,20,7],[21,1,21,7],[22,1,22,7],[23,1,23,7],[24,1,24,7],[25,1,25,7]]}
["MODELO FICHA CURRICULAR DA EQUIPE TÉCNICA",{"$nulls":5},"CODIGO:"]
[{"$nulls":6},"CV"]
["NOME DA CONSULTORA:"]
[]
["PROJETO:",null,null,"CONTRATANTE:",null,null,"EDITAL:"]
[{"$f":"PFP!A6","v":"Estudos, Projetos Básico e Executivo - Orla Macapá - AP"},null,null,{"$f":"PFP!F6","v":"Codevasf (Sede)"}]
["NOME DO PROFISSIONAL:"]
[]
["ATUAÇÃO NO PROJETO:",null,"FORMAÇÃO PRINCIPAL:",null," NASCIMENTO:",null,"NACIONALIDADE:"]
[]
["FORMAÇÃO"]
["ESCOLARIDADE",null,"ENTIDADE",null,"CIDADE",null,"DURAÇÃO","ANO CONCL."]
["Técnico (título)",null,"Escola",null,"Cidade",null,"X anos","AAAA"]
["Superior (título)",null,"Universidade",null,"Cidade",null,"X anos","AAAA"]
["Especialização (título)",null,"Universidade",null,"Cidade",null,"X anos","AAAA"]
["Mestrado (título)",null,"Universidade",null,"Cidade",null,"X anos","AAAA"]
["Doutorado (título)",null,"Universidade",null,"Cidade",null,"X anos","AAAA"]
["PERIODO","CAPACIDADE TÉCNICA - EXPERIÊNCIA PROFISSIONAL"]
["(MM/AA a MM/AA)","(Empresa, cargo ou função, cidade)"]
[]
[]
[]
[]
[]
["CAT","CAPACIDADE TÉCNICA - SERVIÇO OU OBRA"]
["(nº da ART ou CAT)","(Objeto resumido, quantificação, contratante, cidade)"]
[]
[]
[]
[]
[]
["ANO","CAPACIDADE TECNOLÓGICA - CERTIFICADO"]
["(AAAA)","(Nome do curso, empresa de treinamento, carga horaria em hs, cidade)"]
[]
[]
[]
[]
["CONCORDO EM PARTICIPAR DESTE OBJETO (ASSINATURA):",null,null,null,"Nº DO REGISTRO PROFISSIONAL:"]
[]
["NOME DO INFORMANTE:",{"$nulls":5},"QUALIFICAÇÃO"]
[]
["ASSINATURA:",{"$nulls":5},"DATA:"]
[]
["OBSERVAÇÃO:"]
["1 – PREENCHER UMA FICHA PARA CADA PROFISSIONAL DA EQUIPE CHAVE (ESPECIALISTAS) E COMPLEMENTAR (ANALISTAS)"]
["2 – JUNTAR COMPROVANTES DE ESCOLARIDADE (GRADUAÇÃO, ESPECIALIZAÇÃO, MESTRADO E DOUTORADO)"]
["3 – JUNTAR OS COMPROVANTES DA EXP. PROFISSIONAL, CERTIFICADOS PELA UNIDADE PROFISSIONAL COMPETENTE"]
["4 – JUNTAR OS COMPROVANTES DE CAPACIDADE TECNICA, RELATIVO AOS CAT DE SERVIÇOS SIMILARES OU CORRELATOS"]
["5 – JUNTAR OS COMPROVANTES DE CAPACIDADE TECNÓLOGICA"]
["6 – ITENS EM VERMELHO SÃO APENAS INSTRUÇÃO DE PREENCHIMENTO E DEVEM SER APAGADOS."]